El plural en los sustantivos terminados en vocal en el cantón de Curridabat : estudio cuantitativo /
Gespeichert in:
| 1. Verfasser: | |
|---|---|
| Format: | Unbekannt |
| Sprache: | Spanish |
| Schlagworte: | |
| Tags: |
Tag hinzufügen
Keine Tags, Fügen Sie den ersten Tag hinzu!
|
MARC
| LEADER | 000000000a22000000004500 | ||
|---|---|---|---|
| 001 | 009057 | ||
| 041 | 0 | |a spa | |
| 100 | 1 | |a Calvo Shadid, Annette | |
| 245 | 1 | 3 | |a El plural en los sustantivos terminados en vocal en el cantón de Curridabat : |b estudio cuantitativo / |c Annette Calvo Shadid. |
| 310 | |a semestral | ||
| 650 | 4 | |a ESPAÑOL | |
| 650 | 4 | |a GRAMATICA | |
| 773 | 0 | |x 0377-628X |d San José, Costa Rica : Editorial Universidad de Costa Rica |t Revista de Filología y Lingüística de la Universidad de Costa Rica |g volumen XVI, número 2 (1990), páginas 75-83 | |
| 942 | |c ARC | ||
| 999 | |c 14992 |d 14992 | ||
